00873 a2200193 4500003000500000005001700005020001500022040000900037082001200046100002400058245004100082260004900123300001400172505030000186650003300486942002100519999001900540952012000559Nust20221202114410.0 a0156225662 cNust a539,PAR aDavid, Park9103998 aContemporary physics / cDavid, Park aNew YorkbHawcourt Bruce and world incc1964 aviii: 175 aMathematical Philosophy (Page-1), The Atomic Picture of Nature (Page-19) Fields (Page-31), Gravity (Page-55), The Mossbauer Effect (Page-69), Elementary Particles (Page-79), Physics at High Energies (Page-99), Cooperative Phenomena (Page-131), Lasers (Page-151), Symmetry in Nature (Page-159).  aContemporary physics9103999 2ddccBKk539,PAR c193608d193608 00102ddc4070aMCSbMCScGENd2016-12-12o539,PARpMCS6389r2016-12-08w2016-12-12yBKzAlmirah No.16, Shelf No.6